| 000 | 00654nam a22002177a 4500 | ||
|---|---|---|---|
| 999 |
_c5867 _d5867 |
||
| 003 | AR-CdUCM | ||
| 008 | 190313b ||||| |||| 00| 0 spa d | ||
| 040 |
_aMUNICIPALIDAD PROVINCIAL DEL CUSCO _cBIBLIOTECA MUNICIPAL DEL CUSCO |
||
| 082 |
_a869.58 / _bF95 |
||
| 100 |
_aFuente, Nicanor A. de la _917329 |
||
| 245 | _aEl aire y otros poemas / | ||
| 260 |
_aChiclayo : _bImpr. Colegio Militar Leoncio, _c1965. |
||
| 300 |
_a59 paginas ; _c21 cm. |
||
| 500 | _aDonación familia Nieto | ||
| 505 | _aContenido :Poemas / | ||
| 650 |
_aLiteratura peruana _9169 |
||
| 650 |
_aPoemas _9929 |
||
| 650 |
_aSiglo XX _98 |
||
| 942 |
_2ddc _cLIBROS |
||
| 945 | _arjall | ||